Retirement advisor

Detalles Bibliográficos
Título anterior:Senior market advisor
Formato: Electrónico Revista
Lenguaje:inglés
Publicado: Erlanger, KY : Summit Professional Networks, 2013-[2017]
Materias:
Acceso en línea:Full text available from Research Library: 2013 to 01/31/2017

MARC

LEADER 00000nas a22000007i 4500
001 ssj0001355485
003 WaSeSS
005 20200512172242.0
006 m d
007 cr n
008 131213d20132017kyumn p s 0 a0eng
010 |a  2013274114 
022 |y 2332-6735 
032 |a 020114  |b USPS 
035 |a (WaSeSS)ssj0001355485 
037 |b Summit Professional Networks, 5081 Olympic Blvd., Erlanger, KY 41018 
040 |a DLC  |b eng  |c DLC  |d DLC  |d WaSeSS 
042 |a nsdp  |a pcc 
082 1 0 |a 646.79  |2 23 
222 0 |a Retirement advisor  |b (Erlanger) 
245 0 0 |a Retirement advisor  |h [electronic resource]. 
260 |a Erlanger, KY :  |b Summit Professional Networks,  |c 2013-[2017] 
310 |a Monthly with two issues in December 
362 1 |a Began with Volume 14, Issue 13 in 2013; ceased with: volume 18, no. 1 (January 2017). 
506 |a License restrictions may limit access. 
588 |a Description based on: Volume 14, Issue 13 (surrogate); title from cover. 
588 |a Latest issue consulted: Volume 18, no. 1 (January 2017) (surrogate). 
655 0 |a Electronic journals. 
780 0 0 |t Senior market advisor  |x 1530-874X  |w (DLC) 00214951  |w (OCoLC)44506328 
856 4 0 |z Full text available from Research Library: 2013 to 01/31/2017  |u https://search.proquest.com/publication/196183